00616nam a2200145 a 4500008004100000020001500041050001400056100002000070245023400090250001200324260005600336300001600392350001000408650005200418151214s2006 ||||||||||||||||| || u a8180617696 aRC 46 Cha aChandra, Sharad10aQuick review of PGMEE for various post graduate medical entrance examinations volume 3 : (including surgery, orthopedics, otorhinolaryngology, ophthalmology, obestrics and gynecology, anesthesiology). (3rd ed.)cBy Sharad Chandra a3rd ed. aNew DelhibJaypee Brothers Medical publishersc2006 a506p.: ill. a98.00 aINTERNAL MEDICINE--EXAMINATIONS, QUESTIONS, ETC